| 000 | 01520nam a22002177a 4500 | ||
|---|---|---|---|
| 999 |
_c61084 _d61084 |
||
| 003 | Ge_BSU | ||
| 005 | 20231215094619.0 | ||
| 008 | 231215s2022 ge ||||| |||| 00| 0 geo d | ||
| 020 | _a97899414956 | ||
| 041 | _ageo | ||
| 080 | _a635.07+338.43(479.22) a-25 | ||
| 245 |
_aაგრობიზნესში წარმოებული სოფლის მეურნეობის ზოგიერთი პროდუქციის როლი და მნიშვნელობა ქვეყნის ეკონომიკის მდგრადობაში / _cავტორები: რ. კოპალიანი, ვ. პაპუნიძე, ვ. უგულავა და სხვ; რედ. შ. კაპანაძე; აწსუ. აფხაზეთის მეცნიერებათა ეროვნული აკადემია |
||
| 264 |
_aქუთაისი : _bაწსუ, _c2033. |
||
| 300 |
_a211 გვ.; _b29 სმ. |
||
| 700 |
_aკოპალიანი, რ. _eავტორი _92548 |
||
| 700 |
_aპაპუნიძე, ვ. _eავტორი _920755 |
||
| 700 |
_a უგულავა, ვ.და სხვ. _eავტორი _920756 |
||
| 700 |
_aკაპანაძე, შორენა _eრედაქტორი _920757 |
||
| 710 |
_aაწსუ _bაფხაზეთის მეცნიერებათა ეროვნული აკადემია _920758 |
||
| 942 |
_2udc _cᲬᲘᲒᲜᲘ |
||